| 000 | 01544nam a22002057a 4500 | ||
|---|---|---|---|
| 005 | 20260112213406.0 | ||
| 008 | 260112b ||||fr|||| 00| 0 eng d | ||
| 020 | _a978-607-16-0152-0 | ||
| 040 |
_aCENDOC CAAAP _bspa _cCAAAP |
||
| 041 | _aspa | ||
| 050 |
_aHD 9560.5 _b.O78 |
||
| 100 | 1 |
_95790 _aOrtuño Arzate, Salvador |
|
| 245 | 3 |
_aEl mundo del petróleo : _bOrigen, Usos y Escenarios / _cSalvador Ortuño Arzata |
|
| 250 | _a1ra edición | ||
| 260 |
_aMexico : _bFondo De Cultura Económica, _c2009. |
||
| 300 |
_a211 páginas : _bilustraciones, _c21 x 14 cm |
||
| 520 | _bEl libro analiza el papel central que ha desempeñado el petróleo en la transformación económica, tecnológica y social desde finales del siglo XIX hasta el siglo XXI. El autor expone el origen del petróleo, su explotación y su impacto en el desarrollo industrial, destacando la invención del automóvil como un factor decisivo en la expansión del consumo de combustibles fósiles. Asimismo, examina la dependencia global de los hidrocarburos como principales fuentes de energía, las cuales concentran más del 90 % del consumo energético mundial. Finalmente, el libro reflexiona sobre los escenarios futuros de la energía, señalando que, pese al avance de fuentes alternativas como la biomasa, la energía eólica o el hidrógeno, los combustibles fósiles continuarán siendo fundamentales para el desarrollo económico global en las próximas décadas. | ||
| 650 | 0 |
_91528 _aPetróleo _vIndustria petrolera _xHidrocarburos |
|
| 942 |
_2lcc _bDD - MM - AA _cBK |
||
| 999 |
_c4339 _d4339 |
||